| 000 | 00482cam a2200193ua 4500 | ||
|---|---|---|---|
| 001 | 2900 | ||
| 005 | 20260515113612.0 | ||
| 008 | 131004n ii |||gr||||Z||||||asm | ||
| 040 | _cMAIN | ||
| 082 | _a920 | ||
| 100 |
_aGogoi, Prabin, _eAuthor. |
||
| 245 | 1 | 1 |
_aSurya kumar Bhuyan _cby Prabin Gogoi |
| 250 | _a1st. | ||
| 260 |
_aNaharkatia: _bPrabin gogoi, _c2010. |
||
| 300 |
_a232p: _bill; _c23cm. |
||
| 653 | _aBiography | ||
| 653 | _aBiography of Surya kumar Bhuyan | ||
| 942 | _cBK | ||
| 999 |
_c2746 _d2746 |
||